[Event "Karlsruhe Grenke op"]
[Site "Karlsruhe"]
[Date "2024.04.01"]
[Round "9"]
[White "Indjic, Aleksandar"]
[Black "Kramer, Julian"]
[Result "1/2-1/2"]
[WhiteElo "2595"]
[BlackElo "2469"]
[PlyCount "85"]
[EventDate "2024.03.28"]
[EventType "swiss"]
[EventRounds "9"]
[EventCountry "GER"]
[SourceTitle "CB14_2024"]
[SourceDate "2024.04.01"]
[SourceVersion "1"]
[SourceVersionDate "2024.04.01"]
[SourceQuality "1"]

1. c4 e5 2. Nc3 Nf6 3. Nf3 Nc6 4. e3 Bb4 5. Qc2 Bxc3 6. bxc3 0-0 7. d3 d6 8. Be2 Qe7 9. e4 Ne8 10. Rb1 b6 11. Bg5 f6 12. Be3 f5 13. exf5 Bxf5 14. Nd2 Nd8 15. 0-0 Ne6 16. Rbe1 Nf6 17. f3 c6 18. Qc1 Nc5 19. Ne4 Nfxe4 20. fxe4 Bg6 21. Rxf8+ Rxf8 22. Rf1 h6 23. Qe1 Rxf1+ 24. Qxf1 Qf7 25. Qe1 Bh5 26. g4 Bg6 27. h4 Ne6 28. Qf2 Qxf2+ 29. Kxf2 Bf7 30. h5 Kf8 31. Kg3 Ke7 32. Bd1 Be8 33. Ba4 Nc5 34. Bc2 Ne6 35. Kh4 Kf6 36. Kg3 c5 37. Bd1 Ng5 38. Kg2 Bd7 39. Bf2 Bc6 40. Bh4 Bd7 41. Kf2 Be8 42. Ke3 Bd7 43. Kf2 1/2-1/2

[Event "Karlsruhe Grenke op"]
[Site "Karlsruhe"]
[Date "2024.03.31"]
[Round "6"]
[White "Kramer, Julian"]
[Black "Dahl, Christoph"]
[Result "1-0"]
[WhiteElo "2469"]
[BlackElo "2367"]
[PlyCount "95"]
[EventDate "2024.03.28"]
[EventType "swiss"]
[EventRounds "9"]
[EventCountry "GER"]
[SourceTitle "CB14_2024"]
[SourceDate "2024.04.01"]
[SourceVersion "1"]
[SourceVersionDate "2024.04.01"]
[SourceQuality "1"]

1. e4 c5 2. Nf3 d6 3. Bb5+ Nd7 4. d4 cxd4 5. Qxd4 a6 6. Bxd7+ Bxd7 7. c4 Nf6 8. Nc3 e6 9. 0-0 Be7 10. a4 0-0 11. Bg5 Rc8 12. Rfd1 Bc6 13. Qd3 Qa5 14. Rab1 Rfd8 15. h3 h6 16. Bd2 Qc7 17. Rbc1 d5 18. cxd5 exd5 19. e5 Ne4 20. Be3 Qa5 21. b3 Ba3 22. Rc2 d4 23. Nxd4 Nxc3 24. Rxc3 Be4 25. Qxe4 Qxc3 26. Rd3 Qe1+ 27. Kh2 Rc1 28. Qh4 Qh1+ 29. Kg3 Rcc8 30. Qg4 h5 31. Qxh5 Qb1 32. Qe2 Bc5 33. e6 fxe6 34. Bg5 e5 35. Bxd8 Rxd8 36. Nc2 Bd6 37. Qd2 e4+ 38. Rxd6 Rxd6 39. Qxd6 Qxc2 40. Qd5+ Kh8 41. Qxb7 Qc3+ 42. Kg4 Qd3 43. Qc8+ Kh7 44. Qc4 Qd1+ 45. Kf5 Qg1 46. Qxe4 Qxf2+ 47. Kg5+ Kg8 48. Qc4+ 1-0

[Event "Bundesliga 2324"]
[Site "Germany"]
[Date "2024.02.25"]
[Round "11.7"]
[White "Kramer, Julian"]
[Black "Pubantz, Jan"]
[Result "1/2-1/2"]
[WhiteElo "2480"]
[BlackElo "2299"]
[PlyCount "121"]
[EventDate "2023.10.21"]
[EventType "team-tourn"]
[EventRounds "15"]
[EventCountry "GER"]
[SourceTitle "CB09_2024"]
[SourceDate "2024.02.28"]
[SourceVersion "1"]
[SourceVersionDate "2024.02.28"]
[SourceQuality "1"]
[WhiteTeam "Hamburger SK"]
[BlackTeam "Lister Turm"]
[WhiteTeamCountry "GER"]
[BlackTeamCountry "GER"]

1. e4 c6 2. d4 d5 3. exd5 cxd5 4. Bd3 Nf6 5. h3 Nc6 6. c3 e5 7. dxe5 Nxe5 8. Qe2 Qe7 9. Bc2 b6 10. Na3 Ba6 11. Nb5 0-0-0 12. a4 Re8 13. Kf1 Kb7 14. Bf4 Nc4 15. Qxe7+ Bxe7 16. b3 Nd6 17. Bxd6 Bxd6 18. Ne2 Be5 19. Rc1 Ne4 20. f4 Bb8 21. Rd1 Nf6 22. Kf2 Re7 23. g3 Rhe8 24. Rhe1 h5 25. b4 h4 26. g4 Re3 27. g5 Nh5 28. Bb3 Bxb5 29. Bxd5+ Kc8 30. axb5 Nxf4 31. Nxf4 Bxf4 32. Rxe3 Bxe3+ 33. Kf3 Bxg5 34. Bxf7 Re3+ 35. Kg4 Bf6 36. c4 Be7 37. Kf4 Rc3 38. Be6+ Kb8 39. Rd7 Bxb4 40. Rxg7 Rg3 41. Rh7 Bc3 42. Rxh4 Rg7 43. Rh8+ Kc7 44. Rc8+ Kb7 45. Re8 Bf6 46. Kf5 Bc3 47. h4 Rh7 48. Kg4 Kc7 49. h5 Rh8 50. Bg8 Kd7 51. Ra8 Kd6 52. Kg5 Bb2 53. Rc8 Kd7 54. Rf8 Ke7 55. Ra8 Kd6 56. Kg6 Bc1 57. Bd5 Rxa8 58. Bxa8 Ke7 59. Kg7 Bb2+ 60. Kg8 Bc1 61. Bb7 1/2-1/2

[Event "Bundesliga 2324"]
[Site "Germany"]
[Date "2024.02.03"]
[Round "7.8"]
[White "Kramer, Julian"]
[Black "Hausrath, Daniel"]
[Result "1/2-1/2"]
[WhiteElo "2480"]
[BlackElo "2462"]
[PlyCount "99"]
[EventDate "2023.10.21"]
[EventType "team-tourn"]
[EventRounds "15"]
[EventCountry "GER"]
[SourceTitle "CB06_2024"]
[SourceDate "2024.02.07"]
[SourceVersion "1"]
[SourceVersionDate "2024.02.07"]
[SourceQuality "1"]
[WhiteTeam "Hamburger SK"]
[BlackTeam "Muelheim Nord"]
[WhiteTeamCountry "GER"]
[BlackTeamCountry "GER"]

1. e4 c5 2. Nf3 Nc6 3. Bb5 Nf6 4. Bxc6 dxc6 5. d3 g6 6. Be3 Nd7 7. a4 Bg7 8. Qc1 h6 9. a5 e5 10. 0-0 Qe7 11. c3 g5 12. b4 cxb4 13. cxb4 Qxb4 14. a6 bxa6 15. Na3 Qd6 16. Nc4 Qe6 17. d4 0-0 18. dxe5 c5 19. Ra5 Rb8 20. Bxc5 Nxc5 21. Rxc5 Qg6 22. Nd6 Bg4 23. h3 Bxf3 24. gxf3 Rb3 25. Qd1 Rfb8 26. Nf5 Kh7 27. Rd5 R3b5 28. Rd6 Qh5 29. Kg2 Rxe5 30. Rxa6 Rb7 31. Qd8 Rb3 32. Ne3 Rb7 33. Qc8 Reb5 34. Ng4 R5b6 35. Rfa1 Bxa1 36. Rxa1 Qg6 37. e5 Rb8 38. Qc4 h5 39. Nf6+ Rxf6 40. exf6 Qxf6 41. Rxa7 Kg7 42. Ra5 h4 43. Qg4 Kh6 44. Qe4 Rb2 45. Rc5 Rd2 46. Rc6 Rd6 47. Rc4 Qe6 48. f4 Qxe4+ 49. Rxe4 f5 50. Re5 1/2-1/2

[Event "Bundesliga 2324"]
[Site "Germany"]
[Date "2023.10.22"]
[Round "2.5"]
[White "Kasimdzhanov, Rustam"]
[Black "Kramer, Julian"]
[Result "1-0"]
[WhiteElo "2673"]
[BlackElo "2480"]
[PlyCount "35"]
[EventDate "2023.10.21"]
[EventType "team-tourn"]
[EventRounds "15"]
[EventCountry "GER"]
[SourceTitle "Mega2024 Update 01"]
[Source "Chessbase"]
[SourceDate "2023.11.12"]
[SourceVersion "1"]
[SourceVersionDate "2023.11.12"]
[SourceQuality "1"]
[WhiteTeam "Baden-Baden"]
[BlackTeam "Hamburger SK"]
[WhiteTeamCountry "GER"]
[BlackTeamCountry "GER"]

1. e4 c5 2. Nf3 d6 3. d4 cxd4 4. Nxd4 Nf6 5. Nc3 Nc6 6. Bc4 Bd7 7. Be3 e6 8. Qe2 a6 9. Bb3 Be7 10. 0-0-0 Na5 11. g4 h5 12. h3 g6 13. f4 Nxb3+ 14. Nxb3 Qc7 15. g5 Nh7 16. f5 Nxg5 17. fxg6 Bc6 18. Rhg1 1-0

[Event "Munich Pfingst op-A 1st"]
[Site "Munich"]
[Date "2023.06.06"]
[Round "9"]
[White "Kramer, Julian"]
[Black "Trost, Edvin"]
[Result "1/2-1/2"]
[WhiteElo "2487"]
[BlackElo "2399"]
[PlyCount "25"]
[EventDate "2023.05.31"]
[EventType "swiss"]
[EventRounds "9"]
[EventCountry "GER"]
[SourceTitle "EXT 2024"]
[Source "ChessBase"]
[SourceDate "2023.10.10"]
[SourceVersion "1"]
[SourceVersionDate "2023.10.10"]
[SourceQuality "1"]

1. e4 c5 2. Nf3 Nc6 3. d4 cxd4 4. Nxd4 e5 5. Nb5 d6 6. N5c3 Nf6 7. Bc4 Be7 8. 0-0 0-0 9. Qd3 Be6 10. Nd5 Bxd5 11. exd5 Na5 12. Bb3 Nd7 13. Bd2 1/2-1/2

[Event "Munich Pfingst op-A 1st"]
[Site "Munich"]
[Date "2023.06.05"]
[Round "8"]
[White "Ceres, Dragos"]
[Black "Kramer, Julian"]
[Result "1/2-1/2"]
[WhiteElo "2400"]
[BlackElo "2487"]
[PlyCount "51"]
[EventDate "2023.05.31"]
[EventType "swiss"]
[EventRounds "9"]
[EventCountry "GER"]
[SourceTitle "EXT 2024"]
[Source "ChessBase"]
[SourceDate "2023.10.10"]
[SourceVersion "1"]
[SourceVersionDate "2023.10.10"]
[SourceQuality "1"]

1. e4 e6 2. d4 d5 3. e5 c5 4. c3 Nc6 5. Nf3 Nge7 6. Bd3 cxd4 7. cxd4 Nf5 8. Bxf5 exf5 9. Nc3 Bb4 10. Bd2 Bxc3 11. Bxc3 Be6 12. Rc1 a5 13. h4 h6 14. Qd2 0-0 15. 0-0 Qe7 16. a3 Rfc8 17. Qf4 b6 18. h5 Na7 19. Bd2 Qd7 20. Qe3 Qb5 21. Bc3 Rc7 22. Nh4 Qd7 23. Qd3 Qb5 24. Qf3 Qd7 25. Qd3 Qb5 26. Qf3 1/2-1/2

[Event "Munich Pfingst op-A 1st"]
[Site "Munich"]
[Date "2023.06.05"]
[Round "7"]
[White "Kramer, Julian"]
[Black "Tulchynskyi, Feliks"]
[Result "1-0"]
[WhiteElo "2487"]
[BlackElo "2246"]
[PlyCount "95"]
[EventDate "2023.05.31"]
[EventType "swiss"]
[EventRounds "9"]
[EventCountry "GER"]
[SourceTitle "CBM 214 Extra"]
[Source "ChessBase"]
[SourceDate "2023.07.31"]
[SourceVersion "1"]
[SourceVersionDate "2023.07.31"]
[SourceQuality "1"]

1. e4 c5 2. Nf3 e6 3. c3 d5 4. exd5 Qxd5 5. d4 Nf6 6. Be3 cxd4 7. cxd4 Nc6 8. Nc3 Qd6 9. a3 Be7 10. Bd3 0-0 11. 0-0 b6 12. Qe2 Bb7 13. Rad1 Rac8 14. Rfe1 Rfd8 15. Bb1 a6 16. Qc2 b5 17. d5 Ne5 18. Nxe5 Qxe5 19. Bb6 Qg5 20. Bxd8 Bxd8 21. Qd2 Qxd2 22. Rxd2 exd5 23. Bf5 Rb8 24. g3 Bb6 25. Ne2 Re8 26. Rdd1 g6 27. Bh3 Kf8 28. Kf1 Re7 29. Nf4 Rc7 30. Rc1 Rc4 31. b3 Rxc1 32. Rxc1 Ne4 33. b4 Nd2+ 34. Ke2 Nb3 35. Rc3 Nd4+ 36. Kf1 g5 37. Bc8 Bc6 38. Ne2 Be8 39. Bb7 Nxe2 40. Kxe2 d4 41. Rc8 Ke7 42. Bc6 Bd7 43. Bxd7 Kxd7 44. Rf8 Ke7 45. Ra8 d3+ 46. Kxd3 Bxf2 47. g4 Ke6 48. Ke4 1-0

[Event "NED-chT 2223"]
[Site "Netherlands"]
[Date "2023.03.11"]
[Round "7.4"]
[White "Ris, Robert"]
[Black "Kramer, Julian"]
[Result "0-1"]
[WhiteElo "2465"]
[BlackElo "2461"]
[PlyCount "136"]
[EventDate "2022.09.17"]
[EventType "team-tourn"]
[EventRounds "9"]
[EventCountry "NED"]
[SourceTitle "CBM 213 Extra"]
[Source "ChessBase"]
[SourceDate "2023.05.31"]
[SourceVersion "1"]
[SourceVersionDate "2023.05.31"]
[SourceQuality "1"]
[WhiteTeam "Amstelveen Zukertort"]
[BlackTeam "Groningen Combinatie"]
[WhiteTeamCountry "NED"]
[BlackTeamCountry "NED"]

1. d4 Nf6 2. c4 g6 3. Nc3 d5 4. cxd5 Nxd5 5. e4 Nxc3 6. bxc3 Bg7 7. Nf3 c5 8. Bb5+ Nc6 9. 0-0 0-0 10. Bxc6 bxc6 11. Qc2 cxd4 12. cxd4 Bg4 13. Ne5 Qxd4 14. Bb2 Qb6 15. Rab1 Bxe5 16. Bxe5 Qa5 17. Bc3 Qc5 18. Qb2 Rfe8 19. Bd4 Qa5 20. Bc3 Qa4 21. Rfe1 Be6 22. Qd2 f6 23. Rb7 Qa6 24. Rb2 Rad8 25. Qe3 Rd3 26. Qc5 Qc4 27. Qxc4 Bxc4 28. Rc1 Red8 29. f3 Bb5 30. Kf2 Kf7 31. a4 Bxa4 32. Ra2 Bb5 33. Rxa7 R8d7 34. Rxd7 Rxd7 35. Bb4 Rd3 36. Rc2 Rb3 37. Bc5 Bd3 38. Ra2 Rb5 39. Be3 c5 40. Ke1 c4 41. Kd2 Rb3 42. Bc5 g5 43. Ra7 Bb1 44. Kc1 Bd3 45. Kd2 Rb2+ 46. Ke3 Rxg2 47. Bxe7 Re2+ 48. Kd4 g4 49. Bd6+ Kg6 50. Bf8 gxf3 51. Rg7+ Kh5 52. Rxh7+ Kg4 53. Rg7+ Kh3 54. Rg3+ Kxh2 55. Rxf3 Rxe4+ 56. Kd5 Re5+ 57. Kd4 Re6 58. Kd5 Ra6 59. Bd6+ Kg2 60. Rxf6 c3 61. Rf8 Ra4 62. Rg8+ Kf1 63. Rf8+ Ke2 64. Re8+ Kd1 65. Rh8 c2 66. Rh1+ Kd2 67. Rh2+ Kc3 68. Be5+ Kb3 0-1

[Event "Bundesliga 2223"]
[Site "Germany"]
[Date "2023.02.05"]
[Round "6.4"]
[White "Kuznecovs, Nikita"]
[Black "Kramer, Julian"]
[Result "0-1"]
[WhiteElo "2301"]
[BlackElo "2467"]
[PlyCount "52"]
[EventDate "2022.10.21"]
[EventType "team-tourn"]
[EventRounds "15"]
[EventCountry "GER"]
[SourceTitle "CBM 212 Extra"]
[Source "ChessBase"]
[SourceDate "2023.03.31"]
[SourceVersion "1"]
[SourceVersionDate "2023.03.31"]
[SourceQuality "1"]
[WhiteTeam "Deggendorf"]
[BlackTeam "Hamburger SK"]
[WhiteTeamCountry "GER"]
[BlackTeamCountry "GER"]

1. e4 c5 2. Nc3 Nc6 3. g3 g6 4. Bg2 Bg7 5. f4 Rb8 6. Nf3 b5 7. 0-0 d6 8. Nh4 Bd7 9. d3 h6 10. Qe1 Nd4 11. Rf2 Nf6 12. h3 b4 13. Nd1 Nh7 14. c3 bxc3 15. bxc3 Qa5 16. Bb2 Nc6 17. e5 dxe5 18. Nxg6 fxg6 19. Qe4 Nf8 20. Ne3 Kd8 21. Nc4 Qc7 22. Re1 exf4 23. Qd5 Rxb2 24. Qf7 Rxf2 25. Qxg7 fxg3 26. Qxh8 Qf4 0-1

[Event "Heusenstamm Schloss op"]
[Site "Heusenstamm"]
[Date "2022.11.20"]
[Round "7"]
[White "Safarli, Eltaj"]
[Black "Kramer, Julian"]
[Result "1-0"]
[WhiteElo "2616"]
[BlackElo "2461"]
[PlyCount "55"]
[EventDate "2022.11.17"]
[EventType "swiss"]
[EventRounds "7"]
[EventCountry "GER"]
[SourceTitle "CBM 211 Extra"]
[Source "ChessBase"]
[SourceDate "2023.01.31"]
[SourceVersion "1"]
[SourceVersionDate "2023.01.31"]
[SourceQuality "1"]

1. e4 c5 2. Nc3 Nc6 3. Bb5 Nd4 4. Nf3 Nxb5 5. Nxb5 d6 6. d4 Nf6 7. Qd3 a6 8. Nc3 cxd4 9. Nxd4 h6 10. Bd2 e5 11. Nf5 g6 12. Ne3 Be6 13. Ncd5 Nxd5 14. Nxd5 Bxd5 15. Qxd5 Qb6 16. Bc3 Qc6 17. 0-0-0 Qxd5 18. Rxd5 Rd8 19. Rhd1 Be7 20. Bb4 Bg5+ 21. Kb1 Be7 22. Bxd6 f6 23. c4 Rh7 24. Bxe7 Rxd5 25. Rxd5 Rxe7 26. Rd6 Rc7 27. Rxf6 Rxc4 28. f3 1-0

[Event "Dortmund Sparkassen op 49th"]
[Site "Dortmund"]
[Date "2022.07.23"]
[Round "8"]
[White "Kramer, Julian"]
[Black "Gschnitzer, Adrian"]
[Result "1/2-1/2"]
[WhiteElo "2460"]
[BlackElo "2433"]
[PlyCount "48"]
[EventDate "2022.07.16"]
[EventType "swiss"]
[EventRounds "9"]
[EventCountry "GER"]
[SourceTitle "CBM 209 Extra"]
[Source "ChessBase"]
[SourceDate "2022.09.30"]
[SourceVersion "1"]
[SourceVersionDate "2022.09.30"]
[SourceQuality "1"]

1. e4 c5 2. Nf3 Nc6 3. Bb5 g6 4. Bxc6 bxc6 5. 0-0 Bg7 6. Re1 Rb8 7. c3 Nf6 8. e5 Nd5 9. c4 Nc7 10. d4 cxd4 11. Qxd4 a5 12. Nc3 0-0 13. Qh4 f6 14. exf6 exf6 15. b3 Ne6 16. Ba3 d6 17. Nd4 f5 18. Qxd8 Rxd8 19. Nxe6 Bxe6 20. Rxe6 Bxc3 21. Rd1 d5 22. Rxc6 dxc4 23. Rxd8+ Rxd8 24. g3 cxb3 1/2-1/2

[Event "Dortmund Sparkassen op 49th"]
[Site "Dortmund"]
[Date "2022.07.21"]
[Round "6"]
[White "Kramer, Julian"]
[Black "Van Meegen, Ruud"]
[Result "1/2-1/2"]
[WhiteElo "2460"]
[BlackElo "2278"]
[PlyCount "68"]
[EventDate "2022.07.16"]
[EventType "swiss"]
[EventRounds "9"]
[EventCountry "GER"]
[SourceTitle "CBM 209 Extra"]
[Source "ChessBase"]
[SourceDate "2022.09.30"]
[SourceVersion "1"]
[SourceVersionDate "2022.09.30"]
[SourceQuality "1"]

1. e4 c6 2. Nf3 d5 3. d3 dxe4 4. dxe4 Qxd1+ 5. Kxd1 Nf6 6. Nfd2 h5 7. h4 Be6 8. f3 g6 9. Bc4 Bxc4 10. Nxc4 Bh6 11. Bxh6 Rxh6 12. a4 Nfd7 13. Nbd2 Na6 14. c3 Kd8 15. Kc2 Kc7 16. b4 Rhh8 17. Nb3 Rac8 18. e5 Nb6 19. Ne3 Kb8 20. e6 f6 21. a5 Na8 22. Rhe1 N8c7 23. Nf1 Rhd8 24. Re4 Nb5 25. Nfd2 c5 26. bxc5 Nxc5 27. Re3 Nxb3 28. Nxb3 Rd6 29. Kb2 Rdc6 30. Rd1 Nd6 31. Re2 Nc4+ 32. Ka2 Nd6 33. Kb2 Nc4+ 34. Ka2 Nd6 1/2-1/2

[Event "Dortmund Sparkassen op 49th"]
[Site "Dortmund"]
[Date "2022.07.17"]
[Round "2"]
[White "Kramer, Julian"]
[Black "Popvasilev, Kalojan"]
[Result "1-0"]
[WhiteElo "2460"]
[BlackElo "2208"]
[PlyCount "39"]
[EventDate "2022.07.16"]
[EventType "swiss"]
[EventRounds "9"]
[EventCountry "GER"]
[SourceTitle "CBM 209 Extra"]
[Source "ChessBase"]
[SourceDate "2022.09.30"]
[SourceVersion "1"]
[SourceVersionDate "2022.09.30"]
[SourceQuality "1"]

1. e4 c5 2. Nf3 d6 3. d4 Nf6 4. dxc5 Nxe4 5. cxd6 Nc6 6. dxe7 Qxd1+ 7. Kxd1 Nxf2+ 8. Ke1 Nxh1 9. exf8Q+ Rxf8 10. Bd3 Bg4 11. Bd2 0-0-0 12. Bc3 f6 13. Nbd2 Ne5 14. Bxe5 fxe5 15. Ke2 Bxf3+ 16. gxf3 Rf4 17. Rxh1 g6 18. h4 Rd7 19. Ne4 Kc7 20. h5 1-0

[Event "Dortmund Sparkassen op 49th"]
[Site "Dortmund"]
[Date "2022.07.16"]
[Round "1"]
[White "Bakker, Jouke"]
[Black "Kramer, Julian"]
[Result "0-1"]
[WhiteElo "2057"]
[BlackElo "2460"]
[PlyCount "72"]
[EventDate "2022.07.16"]
[EventType "swiss"]
[EventRounds "9"]
[EventCountry "GER"]
[SourceTitle "CBM 209 Extra"]
[Source "ChessBase"]
[SourceDate "2022.09.30"]
[SourceVersion "1"]
[SourceVersionDate "2022.09.30"]
[SourceQuality "1"]

1. e4 c5 2. Nf3 d6 3. Bb5+ Bd7 4. Bxd7+ Qxd7 5. 0-0 Nc6 6. c4 e5 7. d3 Be7 8. Nc3 Bd8 9. Ne1 Nge7 10. Nc2 0-0 11. Ne3 Ba5 12. Ncd5 Nxd5 13. Nxd5 Ne7 14. Nxe7+ Qxe7 15. Qg4 Rab8 16. Rd1 b5 17. Bd2 Bxd2 18. Rxd2 g6 19. Re1 a5 20. f4 exf4 21. Qxf4 Rfe8 22. Rf1 Rb7 23. b3 a4 24. cxb5 axb3 25. a4 Ra8 26. Rb2 Rxa4 27. Rxb3 Rb4 28. Rxb4 cxb4 29. e5 dxe5 30. Qe4 Qc5+ 31. Kh1 Qxb5 32. Qh4 Qxd3 33. Qf6 b3 34. Ra1 Ra7 35. Rc1 Rc7 36. Ra1 Qd5 0-1

[Event "BL2-Nord 2122"]
[Site "Germany"]
[Date "2022.06.19"]
[Round "8.2"]
[White "Ostrovskiy, Andrey"]
[Black "Kramer, Julian"]
[Result "1-0"]
[WhiteElo "2417"]
[BlackElo "2466"]
[PlyCount "49"]
[EventDate "2022.03.05"]
[EventType "team-tourn"]
[EventRounds "10"]
[EventCountry "GER"]
[SourceTitle "EXT 2023"]
[Source "ChessBase"]
[SourceDate "2022.10.05"]
[SourceVersion "1"]
[SourceVersionDate "2022.10.05"]
[SourceQuality "1"]
[WhiteTeam "Norderstedt"]
[BlackTeam "Hamburger SK II"]
[WhiteTeamCountry "GER"]
[BlackTeamCountry "GER"]

1. e4 c5 2. Nf3 d6 3. d4 cxd4 4. Nxd4 Nf6 5. Nc3 Nc6 6. Bc4 Qb6 7. Nb3 e6 8. 0-0 Be7 9. Kh1 0-0 10. f4 Qc7 11. Bd3 Rd8 12. Bd2 a6 13. Qf3 Nd7 14. Qg3 Nb4 15. Nb5 axb5 16. Bxb4 Bf6 17. c3 Qb6 18. a3 g6 19. Rad1 Qc6 20. Nd4 Qb6 21. Nxb5 Nc5 22. Qe3 Be7 23. f5 Qc6 24. Nd4 Qb6 25. fxe6 1-0

[Event "BL2-Nord 2122"]
[Site "Germany"]
[Date "2022.05.14"]
[Round "5.2"]
[White "Kramer, Julian"]
[Black "Malek, Daniel"]
[Result "1-0"]
[WhiteElo "2455"]
[BlackElo "2353"]
[PlyCount "194"]
[EventDate "2022.03.05"]
[EventType "team-tourn"]
[EventRounds "10"]
[EventCountry "GER"]
[SourceTitle "EXT 2023"]
[Source "ChessBase"]
[SourceDate "2022.10.05"]
[SourceVersion "1"]
[SourceVersionDate "2022.10.05"]
[SourceQuality "1"]
[WhiteTeam "Hamburger SK II"]
[BlackTeam "Magdeburg"]
[WhiteTeamCountry "GER"]
[BlackTeamCountry "GER"]

1. e4 e5 2. Nf3 Nf6 3. d4 Nxe4 4. dxe5 d5 5. Nbd2 Nxd2 6. Bxd2 Be7 7. Bd3 c5 8. c3 Nc6 9. 0-0 Be6 10. Re1 Qc7 11. Ng5 Bxg5 12. Bxg5 h6 13. Qh5 Kd7 14. Bd2 g5 15. Qe2 Rag8 16. b4 c4 17. Bc2 Kc8 18. b5 Ne7 19. Be3 Kb8 20. b6 axb6 21. Rab1 Nc8 22. Bd4 h5 23. Qe3 h4 24. a4 g4 25. Rb2 h3 26. g3 Rh5 27. Reb1 Bf5 28. Bxf5 Rxf5 29. Bxb6 Nxb6 30. Rxb6 Re8 31. e6 Rxe6 32. Rxe6 fxe6 33. Qxe6 Qf7 34. Qd6+ Qc7 35. Qg6 Qf7 36. Qxg4 Rxf2 37. Qxh3 Rd2 38. Qf1 Qxf1+ 39. Rxf1 d4 40. Rc1 d3 41. h4 Kc7 42. h5 Re2 43. Rd1 Kd6 44. h6 Re6 45. Rb1 Rxh6 46. Kf2 Re6 47. Rb2 Re7 48. g4 Ke5 49. Kf3 Kf6 50. Rb6+ Kg5 51. Rb5+ Kg6 52. Rb6+ Kg7 53. Rb1 Rd7 54. Ke3 Kf6 55. Kd2 Kg5 56. Rb5+ Kxg4 57. Rc5 Kf3 58. Rxc4 Rd6 59. Rh4 Rd8 60. Rh7 Ke4 61. Rxb7 Kd5 62. Rb1 Kc4 63. a5 Ra8 64. Rb4+ Kc5 65. Ra4 Kb5 66. Ra3 Ka6 67. Kxd3 Rd8+ 68. Kc2 Rc8 69. Ra4 Rc7 70. c4 Rh7 71. Kc3 Rh3+ 72. Kb4 Rh1 73. Ra2 Rg1 74. Rd2 Rb1+ 75. Kc5 Rh1 76. Rd8 Kb7 77. Rd6 Rh5+ 78. Kb4 Rg5 79. Rb6+ Ka7 80. c5 Rg1 81. Rf6 Kb7 82. a6+ Ka7 83. Kb5 Rb1+ 84. Kc6 Rh1 85. Rf8 Rh2 86. Re8 Rh1 87. Rd8 Rh2 88. Kc7 Rh7+ 89. Rd7 Rh8 90. Rd6 Rh7+ 91. Kc8 Rh8+ 92. Rd8 Rh6 93. Rd7+ Ka8 94. Kc7 Ka7 95. Kc8+ Ka8 96. Rd5 Ka7 97. Kd7 Kxa6 1-0

[Event "NED-chT 2122"]
[Site "Netherlands"]
[Date "2022.04.23"]
[Round "9.2"]
[White "Kramer, Julian"]
[Black "Suvorov, Alexander David"]
[Result "1-0"]
[WhiteElo "2417"]
[BlackElo "2391"]
[PlyCount "115"]
[EventDate "2021.09.18"]
[EventType "team-tourn"]
[EventRounds "9"]
[EventCountry "NED"]
[SourceTitle "EXT 2023"]
[Source "ChessBase"]
[SourceDate "2022.10.05"]
[SourceVersion "1"]
[SourceVersionDate "2022.10.05"]
[SourceQuality "1"]
[WhiteTeam "Groningen Combinatie"]
[BlackTeam "Zuid Limburg"]
[WhiteTeamCountry "NED"]
[BlackTeamCountry "NED"]

1. e4 e5 2. Nf3 Nc6 3. Bc4 Nf6 4. d3 h6 5. 0-0 d6 6. c3 g5 7. Nbd2 Bg7 8. Bb3 g4 9. Nh4 Nxe4 10. Nxe4 Qxh4 11. f4 f5 12. Ng3 Bd7 13. fxe5 Bxe5 14. d4 0-0-0 15. dxe5 dxe5 16. Qe1 Rde8 17. Bf7 Ref8 18. Bd5 f4 19. Ne4 Qxe1 20. Rxe1 Ne7 21. Bb3 b6 22. Nf2 Ng6 23. Nd3 Bf5 24. Bc4 Re8 25. Nf2 Rhf8 26. Bd5 Rd8 27. Be4 Bxe4 28. Nxe4 Kd7 29. g3 h5 30. Bd2 h4 31. Rad1 Kc6 32. Nf2 hxg3 33. hxg3 Rf5 34. Bc1 Rxd1 35. Rxd1 fxg3 36. Nxg4 Nh4 37. Be3 e4 38. c4 Rf8 39. Ne5+ Kb7 40. Ng4 Kc6 41. a4 a5 42. b3 Rg8 43. Ne5+ Kb7 44. Rf1 Rh8 45. Bg5 Rh5 46. Bxh4 Rxh4 47. Re1 Rh2 48. Rxe4 Rb2 49. Re3 g2 50. c5 Rc2 51. Nc4 Kc6 52. cxb6 cxb6 53. Re6+ Kc7 54. Nxb6 Rb2 55. Nd5+ Kd7 56. Rb6 Rd2 57. Ne3 Kc7 58. Rb5 1-0

[Event "EU-ch 22nd"]
[Site "Terme Catez"]
[Date "2022.04.06"]
[Round "11"]
[White "Durarbayli, Vasif"]
[Black "Kramer, Julian"]
[Result "1-0"]
[WhiteElo "2628"]
[BlackElo "2423"]
[PlyCount "83"]
[EventDate "2022.03.27"]
[EventType "swiss"]
[EventRounds "11"]
[EventCountry "SLO"]
[SourceTitle "CBM 208"]
[Source "ChessBase"]
[SourceDate "2022.06.30"]
[SourceVersion "1"]
[SourceVersionDate "2022.06.30"]
[SourceQuality "1"]

1. e4 c5 2. Nf3 d6 3. d4 cxd4 4. Nxd4 Nf6 5. Nc3 Nc6 6. Bg5 e6 7. Qd2 a6 8. 0-0-0 Nxd4 9. Qxd4 Be7 10. f4 0-0 11. h4 Qc7 12. e5 dxe5 13. Qxe5 Qb6 14. Bd3 Bd7 15. Rh3 Rac8 16. Rg3 Qf2 17. Rf3 Qxg2 18. Rff1 Ng4 19. Qe2 Qxe2 20. Bxe2 Bxg5 21. Bxg4 Bxh4 22. Rxd7 b5 23. Be2 Rfd8 24. Ra7 Ra8 25. Rxa8 Rxa8 26. a4 b4 27. Ne4 a5 28. c4 bxc3 29. bxc3 f5 30. Nd2 Bf6 31. Kc2 h6 32. Bc4 Kf7 33. Re1 Re8 34. Nb3 g5 35. fxg5 hxg5 36. Nxa5 g4 37. Nb7 Kg6 38. Bxe6 f4 39. Bf7+ Kxf7 40. Nd6+ Kg6 41. Rxe8 g3 42. Rg8+ 1-0

[Event "EU-ch 22nd"]
[Site "Terme Catez"]
[Date "2022.04.04"]
[Round "9"]
[White "Donchenko, Alexander"]
[Black "Kramer, Julian"]
[Result "0-1"]
[WhiteElo "2636"]
[BlackElo "2423"]
[PlyCount "130"]
[EventDate "2022.03.27"]
[EventType "swiss"]
[EventRounds "11"]
[EventCountry "SLO"]
[SourceTitle "CBM 208"]
[Source "ChessBase"]
[SourceDate "2022.06.30"]
[SourceVersion "1"]
[SourceVersionDate "2022.06.30"]
[SourceQuality "1"]

1. e4 c5 2. Nf3 d6 3. d4 cxd4 4. Nxd4 Nf6 5. Nc3 Nc6 6. Bc4 Qb6 7. Nxc6 bxc6 8. Bb3 g6 9. Be3 Qc7 10. Qd2 Bg7 11. Bh6 Bxh6 12. Qxh6 Qa5 13. 0-0-0 Be6 14. Kb1 Rg8 15. Qe3 g5 16. g3 g4 17. h3 h5 18. hxg4 hxg4 19. Ne2 Qe5 20. Rhe1 c5 21. Nf4 c4 22. Nxe6 Qxe6 23. Ba4+ Kf8 24. Bc6 Rb8 25. Qxa7 Kg7 26. Qd4 Rgc8 27. Ba4 Rc5 28. c3 Re5 29. Bc2 Reb5 30. Ka1 Rxb2 31. Rb1 Rxb1+ 32. Rxb1 Rc8 33. Rb5 Qd7 34. Rg5+ Kf8 35. e5 Qb5 36. a4 Ra8 37. Qf4 Ra5 38. Rf5 dxe5 39. Qd2 Ke8 40. Rg5 e6 41. Rg7 Ke7 42. Ka2 Ra8 43. Qc1 Qc5 44. Qa3 Qxa3+ 45. Kxa3 Nd5 46. Rxg4 Rc8 47. Kb2 f5 48. Rg7+ Kd6 49. g4 Rb8+ 50. Kc1 Nxc3 51. gxf5 exf5 52. Bxf5 Nxa4 53. Rg4 Rf8 54. Bc2 Nb6 55. Rg2 Kc5 56. Kd2 Nd5 57. Be4 Nf6 58. Bc2 Kd4 59. Rg6 e4 60. Ke2 Nd5 61. Rd6 Rh8 62. Rd7 Rh2 63. Ke1 e3 64. Ba4 exf2+ 65. Ke2 Kc5 0-1